| 000 | 00889nam a2200253 i 4500 | ||
|---|---|---|---|
| 001 | 108760 | ||
| 003 | ES-MaACL | ||
| 005 | 20251113110617.0 | ||
| 007 | t| | ||
| 008 | 061121s1912 fr r ||||1| spa d | ||
| 080 | _a821.134.2(866)-4"18" | ||
| 100 | 1 |
_aMontalvo, Juan. _982350 |
|
| 245 | 1 | 0 |
_aSiete tratados / _cpor Juan Montalvo ; introducción de R. Blanco Fombona. |
| 260 |
_aParís : _bGarnier Hermanos, _c[1912] |
||
| 300 |
_a2 v. (XLII, 383 ; 400 p.) ; _c21 cm. |
||
| 490 | 1 | _aBiblioteca de grandes autores americanos | |
| 530 | _aDisponible en formato digital. | ||
| 700 | 1 |
_aBlanco Fombona, Rufino, _d1874-1944 _929251 |
|
| 830 | 1 |
_aBiblioteca de grandes autores americanos _9185568 |
|
| 852 | 4 |
_aES-MaACL _jA-801-02 _cSPP1 |
|
| 856 | 4 |
_uhttp://bdh-rd.bne.es/viewer.vm?id=0000008358&page=1 _y(Biblioteca Digital Hispánica) |
|
| 942 | _2udc | ||
| 999 |
_c108760 _d108760 |
||